000 00480nam a2200169Ia 4500
008 151021s9999 xx 000 0 und d
020 _a9.7800735281e+012
050 _aHM 585.H84 2008
245 _a_Sociology the core [ 8th ed.] Michael Hughes
260 _aBoston McGraw-Hill 2008
300 _axxxii,457p.
500 _aIncludes index
500 _aIncludes index
650 _a_sociology
700 _a_Carolyn J Kroehler
980 _a^d20140331 10:44:04^okorir
999 _c14834
_d14834